[Event "Novokuznetsk-ch"]
[Site "Novokuznetsk"]
[Date "2015.05.05"]
[Round "5"]
[White "Khalimanov, Alexandr"]
[Black "Morokov, Anatoliy"]
[Result "1-0"]
[WhiteElo "1968"]
[BlackElo "1693"]
[PlyCount "71"]
[EventDate "2015.05.01"]
[EventType "swiss"]
[EventRounds "9"]
[EventCountry "RUS"]
[SourceTitle "CBM 166 Extra"]
[Source "ChessBase"]
[SourceDate "2015.06.18"]
[SourceVersion "1"]
[SourceVersionDate "2015.06.18"]
[SourceQuality "1"]

1. e4 e5 2. Nf3 Nc6 3. Bc4 Nf6 4. Ng5 d5 5. exd5 Na5 6. Bb5+ Bd7 7. Qe2 Bxb5 8. Qxb5+ c6 9. dxc6 bxc6 10. Qxe5+ Be7 11. 0-0 0-0 12. Nf3 Re8 13. d3 Bd6 14. Qf5 g6 15. Qg5 Be7 16. Bd2 Nd5 17. Qh6 Bf8 18. Qh3 Rb8 19. Ng5 h5 20. b3 Qf6 21. c3 Re2 22. Ne4 Qg7 23. Qf3 Rxd2 24. Nbxd2 Nxc3 25. Nxc3 Qxc3 26. Ne4 Qd4 27. Rac1 c5 28. Rfe1 Rd8 29. b4 cxb4 30. Rc7 f5 31. Ng5 Bc5 32. Ne6 Qc3 33. Qe2 Bb6 34. Rxc3 bxc3 35. Nxd8 c2 36. Qe8+ 1-0

[Event "Novokuznetsk-ch"]
[Site "Novokuznetsk"]
[Date "2015.05.04"]
[Round "4"]
[White "Morokov, Anatoliy"]
[Black "Chistyakov, Nikita"]
[Result "1/2-1/2"]
[WhiteElo "1693"]
[BlackElo "2046"]
[PlyCount "87"]
[EventDate "2015.05.01"]
[EventType "swiss"]
[EventRounds "9"]
[EventCountry "RUS"]
[SourceTitle "CBM 166 Extra"]
[Source "ChessBase"]
[SourceDate "2015.06.18"]
[SourceVersion "1"]
[SourceVersionDate "2015.06.18"]
[SourceQuality "1"]

1. e4 g6 2. Be2 c6 3. f4 d5 4. d3 Bg7 5. e5 h5 6. Nc3 Nh6 7. d4 a6 8. Nf3 Bg4 9. h3 Bxf3 10. Bxf3 Nf5 11. g4 hxg4 12. hxg4 Rxh1+ 13. Bxh1 Nh6 14. f5 gxf5 15. Bxh6 Bxh6 16. gxf5 Qb6 17. Na4 Qa5+ 18. c3 Nd7 19. b4 Qb5 20. Bg2 Nb6 21. Nb2 Nc4 22. a4 Nxb2 23. axb5 Nxd1 24. Kxd1 Kd7 25. bxc6+ Kxc6 26. c4 e6 27. cxd5+ exd5 28. Ra5 b5 29. Ra2 Bf8 30. Rc2+ Kb6 31. Bxd5 Rd8 32. Rc6+ Ka7 33. Rc7+ Kb8 34. Rb7+ Kc8 35. Rxf7 Bxb4 36. Be6+ Kb8 37. Rd7 Rxd7 38. Bxd7 Kc7 39. e6 Bc3 40. d5 Bf6 41. Kc2 Be7 42. Kc3 Kd6 43. Bxb5 axb5 44. Kb4 1/2-1/2

[Event "Novokuznetsk-ch"]
[Site "Novokuznetsk"]
[Date "2015.05.01"]
[Round "1"]
[White "Morokov, Anatoliy"]
[Black "Storchak, Vitalij"]
[Result "0-1"]
[WhiteElo "1693"]
[BlackElo "2121"]
[PlyCount "78"]
[EventDate "2015.05.01"]
[EventType "swiss"]
[EventRounds "9"]
[EventCountry "RUS"]
[SourceTitle "CBM 166 Extra"]
[Source "ChessBase"]
[SourceDate "2015.06.18"]
[SourceVersion "1"]
[SourceVersionDate "2015.06.18"]
[SourceQuality "1"]

1. e4 a6 2. h4 d6 3. d4 Nc6 4. d5 Nb8 5. Nc3 Nf6 6. Bg5 Nbd7 7. f4 c6 8. dxc6 bxc6 9. e5 Qb6 10. Rh3 Qxg1 11. f5 Qc5 12. exf6 exf6 13. Re3+ Ne5 14. Ne4 Qa5+ 15. b4 Qd8 16. Bf4 Be7 17. g4 Kf8 18. Qd2 Nxg4 19. Rd3 Bxf5 20. Bg2 d5 21. 0-0-0 h5 22. c4 Qb6 23. c5 Qb5 24. a3 Bxe4 25. Bxe4 Qc4+ 26. Kb1 Qxe4 27. Re1 Qf5 28. Rxe7 Kxe7 29. Qe1+ Kd7 30. Qg3 Ne5 31. Bxe5 fxe5 32. Kb2 Qf4 33. Qh3+ f5 34. Rf3 Qg4 35. Qf1 Rhf8 36. Rf2 Qd4+ 37. Kb1 e4 38. Rxf5 Qd3+ 39. Qxd3 exd3 0-1

[Event "Novokuznetsk Old Stager op"]
[Site "Novokuznetsk"]
[Date "2015.01.10"]
[Round "1"]
[White "Morokov, Anatoliy"]
[Black "Plotnikov, Mikhail"]
[Result "1/2-1/2"]
[WhiteElo "1691"]
[BlackElo "1993"]
[PlyCount "130"]
[EventDate "2015.01.10"]
[EventType "swiss"]
[EventRounds "9"]
[EventCountry "RUS"]
[SourceTitle "EXT 2018"]
[Source "ChessBase"]
[SourceDate "2017.10.13"]
[SourceVersion "1"]
[SourceVersionDate "2017.10.13"]
[SourceQuality "1"]

1. e4 Nf6 2. e5 Nd5 3. d4 d6 4. Nf3 Bg4 5. c4 Nb6 6. Bf4 e6 7. a4 dxe5 8. Bxe5 Bb4+ 9. Nc3 f6 10. Bg3 Nc6 11. Be2 Bxf3 12. Bxf3 0-0 13. Bxc6 bxc6 14. 0-0 Bxc3 15. bxc3 Re8 16. Qd3 Nd7 17. c5 Kh8 18. Qa6 e5 19. Qxc6 Nf8 20. Rfe1 Ng6 21. Rad1 exd4 22. Bxc7 Qc8 23. Rxe8+ Qxe8 24. Qxe8+ Rxe8 25. cxd4 Kg8 26. f4 Kf7 27. d5 Nf8 28. c6 Rc8 29. Bd6 Ng6 30. Rb1 Rd8 31. Rb7+ Ke8 32. c7 Rc8 33. f5 Nh4 34. g4 Nf3+ 35. Kf2 Ng5 36. Ke3 g6 37. Rxa7 Nf7 38. fxg6 hxg6 39. Kd4 Nh6 40. h3 f5 41. Bf4 Ng8 42. gxf5 gxf5 43. Bd6 Kd7 44. Bf4 Nf6 45. Ke5 Nh5 46. Bh2 f4 47. Bxf4 Re8+ 48. Kd4 Nxf4 49. Kc5 Re5 50. c8Q+ Kxc8 51. Kc6 Kd8 52. d6 Ke8 53. Ra8+ Kf7 54. d7 Ne6 55. Kd6 Re4 56. Ra7 Kf6 57. a5 Rd4+ 58. Kc6 Ke7 59. a6 Rh4 60. Rb7 Rxh3 61. Kd5 Nd8 62. Kc4 Rh1 63. a7 Ra1 64. Rc7 Kd6 65. Rc8 Rxa7 1/2-1/2

[Event "Novokuznetsk-ch"]
[Site "Novokuznetsk"]
[Date "2014.12.13"]
[Round "8"]
[White "Parygin, Dmitriy"]
[Black "Morokov, Anatoliy"]
[Result "1-0"]
[WhiteElo "1840"]
[BlackElo "1707"]
[PlyCount "83"]
[EventDate "2014.11.16"]
[EventType "swiss"]
[EventRounds "9"]
[EventCountry "RUS"]
[SourceTitle "EXT 2016"]
[Source "ChessBase"]
[SourceDate "2015.10.08"]
[SourceVersion "1"]
[SourceVersionDate "2015.10.08"]
[SourceQuality "1"]

1. Nf3 d5 2. c4 d4 3. d3 Nc6 4. g3 e5 5. Bg2 Bg4 6. 0-0 Qd7 7. Re1 Be7 8. a3 f5 9. Nbd2 Nf6 10. Qc2 a5 11. b3 h5 12. Nh4 f4 13. Ng6 0-0-0 14. b4 fxg3 15. fxg3 Rh6 16. Nxe7+ Nxe7 17. Nf3 Rh7 18. Bg5 Qf5 19. h4 Bh3 20. Nh2 Bxg2 21. Kxg2 b5 22. Rf1 Qe6 23. Rac1 Rhh8 24. bxa5 Nf5 25. Rf3 Rd7 26. cxb5 Nd5 27. Qc6 Qxc6 28. Rxc6 Nfe3+ 29. Kh3 Nc3 30. Bxe3 Nxe2 31. Bf2 e4 32. Rf5 exd3 33. Nf3 Re8 34. a6 Re3 35. Rf8+ Rd8 36. Rxd8+ Kxd8 37. a7 Nf4+ 38. gxf4 d2 39. a8Q+ Ke7 40. Rxc7+ Kf6 41. Qf8+ Kg6 42. f5+ 1-0

[Event "Novokuznetsk-ch"]
[Site "Novokuznetsk"]
[Date "2014.11.30"]
[Round "5"]
[White "Morokov, Anatoliy"]
[Black "Kolesnikov, Oleg"]
[Result "0-1"]
[WhiteElo "1707"]
[BlackElo "1926"]
[PlyCount "82"]
[EventDate "2014.11.16"]
[EventType "swiss"]
[EventRounds "9"]
[EventCountry "RUS"]
[SourceTitle "EXT 2016"]
[Source "ChessBase"]
[SourceDate "2015.10.08"]
[SourceVersion "1"]
[SourceVersionDate "2015.10.08"]
[SourceQuality "1"]

1. e4 e5 2. Nf3 Nc6 3. Bb5 Bc5 4. c3 Bb6 5. 0-0 Nge7 6. d4 exd4 7. cxd4 a6 8. Ba4 Ng6 9. d5 Nce7 10. e5 0-0 11. Nc3 d6 12. Re1 Bg4 13. h3 Bxf3 14. Qxf3 Nxe5 15. Qe4 f5 16. Qe2 f4 17. Qh5 N7g6 18. Bc2 Qh4 19. Qxh4 Nxh4 20. Re4 g5 21. Bd2 Rae8 22. Kf1 Nf5 23. Ke1 Nc4 24. Rxe8 Rxe8+ 25. Kd1 Nd4 26. b3 Nxd2 27. Kxd2 Nxc2 28. Kxc2 Bxf2 29. Rd1 Kg7 30. Rd2 Be3 31. Re2 Re5 32. Kd3 h5 33. g3 Kf6 34. gxf4 gxf4 35. Rg2 Kf5 36. h4 f3 37. Rg5+ Bxg5 38. hxg5 Kxg5 39. Kd4 f2 40. Ne4+ Rxe4+ 41. Kxe4 f1Q 0-1

[Event "Novokuznetsk-ch"]
[Site "Novokuznetsk"]
[Date "2014.11.22"]
[Round "2"]
[White "Morokov, Anatoliy"]
[Black "Rogov, Igor"]
[Result "0-1"]
[WhiteElo "1707"]
[BlackElo "1942"]
[PlyCount "55"]
[EventDate "2014.11.16"]
[EventType "swiss"]
[EventRounds "9"]
[EventCountry "RUS"]
[SourceTitle "EXT 2016"]
[Source "ChessBase"]
[SourceDate "2015.10.08"]
[SourceVersion "1"]
[SourceVersionDate "2015.10.08"]
[SourceQuality "1"]

1. e4 c5 2. c3 d5 3. Nf3 dxe4 4. Qa4+ Nc6 5. Ne5 Bd7 6. Nxd7 Qxd7 7. Qxe4 Nf6 8. Qa4 a6 9. Na3 Rd8 10. Be2 e6 11. 0-0 Be7 12. d4 cxd4 13. Rd1 0-0 14. Be3 Bxa3 15. Qxa3 e5 16. Bg5 Qf5 17. h4 Rd7 18. cxd4 Nxd4 19. Bd3 Qe6 20. Rac1 b5 21. Bb1 Ne2+ 22. Kh1 Nxc1 23. Rxc1 Rfd8 24. Bc2 h6 25. Bb3 Qd6 26. Bxf6 Qxa3 27. Bxd8 Qd6 28. Rd1 0-1

[Event "Novokuznetsk Kustov op"]
[Site "Novokuznetsk"]
[Date "2014.10.19"]
[Round "7"]
[White "Krapivina, Rimma"]
[Black "Morokov, Anatoliy"]
[Result "0-1"]
[WhiteElo "1893"]
[BlackElo "1716"]
[PlyCount "60"]
[EventDate "2014.09.28"]
[EventType "swiss"]
[EventRounds "9"]
[EventCountry "RUS"]
[SourceTitle "EXT 2018"]
[Source "ChessBase"]
[SourceDate "2017.10.13"]
[SourceVersion "1"]
[SourceVersionDate "2017.10.13"]
[SourceQuality "1"]

1. d4 Nf6 2. c4 g6 3. Nc3 c6 4. e4 d5 5. cxd5 cxd5 6. e5 Nh5 7. Bb5+ Nc6 8. Qa4 Qd7 9. Nf3 Rb8 10. h3 a6 11. Bxc6 bxc6 12. Qa5 Qb7 13. Qa4 a5 14. Nxd5 Bd7 15. Nc3 c5 16. Qc4 cxd4 17. Qxd4 Bc6 18. e6 Bg7 19. exf7+ Kxf7 20. Ng5+ Ke8 21. Qc4 Bxg2 22. Qf7+ Kd7 23. Rg1 Rhf8 24. Qe6+ Ke8 25. Nxh7 Nf4 26. Bxf4 Bxc3+ 27. bxc3 Bd5 28. Qxg6+ Rf7 29. Bxb8 Qb2 30. Rd1 Qxf2# 0-1

[Event "Novokuznetsk Kustov op"]
[Site "Novokuznetsk"]
[Date "2014.10.12"]
[Round "5"]
[White "Morokov, Anatoliy"]
[Black "Zotkina, Lyudmila"]
[Result "1-0"]
[WhiteElo "1716"]
[BlackElo "1521"]
[PlyCount "23"]
[EventDate "2014.09.28"]
[EventType "swiss"]
[EventRounds "9"]
[EventCountry "RUS"]
[SourceTitle "EXT 2018"]
[Source "ChessBase"]
[SourceDate "2017.10.13"]
[SourceVersion "1"]
[SourceVersionDate "2017.10.13"]
[SourceQuality "1"]

1. e4 e5 2. Nf3 Qe7 3. Nc3 Nf6 4. Bc4 d6 5. d4 Bg4 6. Qd3 a6 7. Ng5 h6 8. Nxf7 Rh7 9. dxe5 Nfd7 10. Nd5 Qh4 11. Nxc7+ Ke7 12. Qxd6# 1-0

[Event "Novokuznetsk Kustov op"]
[Site "Novokuznetsk"]
[Date "2014.10.11"]
[Round "4"]
[White "Morokov, Anatoliy"]
[Black "Kitov, Viktor"]
[Result "0-1"]
[WhiteElo "1716"]
[BlackElo "1840"]
[PlyCount "96"]
[EventDate "2014.09.28"]
[EventType "swiss"]
[EventRounds "9"]
[EventCountry "RUS"]
[SourceTitle "EXT 2018"]
[Source "ChessBase"]
[SourceDate "2017.10.13"]
[SourceVersion "1"]
[SourceVersionDate "2017.10.13"]
[SourceQuality "1"]

1. e4 c5 2. Nf3 d6 3. d4 cxd4 4. Nxd4 Nc6 5. Bb5 Bd7 6. Nxc6 bxc6 7. Bd3 e5 8. 0-0 Nf6 9. Nc3 Be7 10. f4 Ng4 11. Qf3 0-0 12. h3 Nf6 13. Be3 exf4 14. Qxf4 Be6 15. Rad1 Nd7 16. b3 Ne5 17. Be2 Qa5 18. Bd2 Qc7 19. Kh1 Bf6 20. Bh5 Nd7 21. Na4 Be5 22. Qe3 Nf6 23. Bf3 Qd7 24. Bc1 Bxh3 25. Nc5 Qc8 26. Nd3 Bg4 27. Nxe5 dxe5 28. Qg5 Bxf3 29. gxf3 Qh3+ 30. Kg1 Rfe8 31. f4 Nxe4 32. Qg2 Qxg2+ 33. Kxg2 exf4 34. Bxf4 g5 35. Bc1 Nc3 36. Rd7 Re2+ 37. Kh1 Rf8 38. Ba3 Rfe8 39. Rfxf7 Re1+ 40. Kg2 R8e2+ 41. Rf2 Rxf2+ 42. Kxf2 Re2+ 43. Kf3 Rxc2 44. Bc5 h5 45. Rxa7 Rxa2 46. Rc7 g4+ 47. Kg3 Ne4+ 48. Kh4 Rh2# 0-1

[Event "Novokuznetsk Kuzbass op"]
[Site "Novokuznetsk"]
[Date "2014.08.12"]
[Round "2"]
[White "Chistyakov, Nikita"]
[Black "Morokov, Anatoliy"]
[Result "1-0"]
[WhiteElo "2009"]
[BlackElo "1756"]
[PlyCount "57"]
[EventDate "2014.08.11"]
[EventType "swiss"]
[EventRounds "9"]
[EventCountry "RUS"]
[SourceTitle "CBM 162 Extra"]
[Source "ChessBase"]
[SourceDate "2014.10.17"]
[SourceVersion "1"]
[SourceVersionDate "2014.10.17"]
[SourceQuality "1"]

1. d4 d5 2. Nf3 Nf6 3. Bg5 Nbd7 4. Nbd2 h6 5. Bh4 g5 6. Bg3 Nh5 7. e3 Nxg3 8. hxg3 Bg7 9. Bd3 e5 10. dxe5 Nxe5 11. Nxe5 Bxe5 12. c3 Qf6 13. Nf3 Bg4 14. Qa4+ Bd7 15. Qb3 Bc6 16. Bb5 Bxb5 17. Qxb5+ c6 18. Qa4 Bc7 19. 0-0-0 Bb6 20. Rxd5 0-0 21. Rd2 a5 22. Nh2 Qe6 23. Ng4 f5 24. Rxh6 Qxh6 25. Nxh6+ Kg7 26. Nxf5+ Rxf5 27. Rd7+ Rf7 28. Rxf7+ Kxf7 29. Qb3+ 1-0

[Event "Novokuznetsk-ch"]
[Site "Novokuznetsk"]
[Date "2014.05.07"]
[Round "7"]
[White "Zavyalov, Mikhail"]
[Black "Morokov, Anatoliy"]
[Result "1-0"]
[WhiteElo "2131"]
[BlackElo "1762"]
[PlyCount "71"]
[EventDate "2014.05.01"]
[EventType "swiss"]
[EventRounds "9"]
[EventCountry "RUS"]
[SourceTitle "CBM 160 Extra"]
[Source "ChessBase"]
[SourceDate "2014.07.01"]
[SourceVersion "1"]
[SourceVersionDate "2014.07.01"]
[SourceQuality "1"]

1. Nf3 d5 2. d4 Nf6 3. c4 c6 4. cxd5 cxd5 5. Nc3 e6 6. Bg5 h6 7. Bh4 Bb4 8. e3 0-0 9. Bd3 Qa5 10. 0-0 Bxc3 11. bxc3 Ne4 12. Qc2 Nxc3 13. Rfc1 Ne4 14. Ne5 g5 15. f3 gxh4 16. fxe4 dxe4 17. Bxe4 f5 18. Qf2 Nd7 19. Nxd7 Bxd7 20. Bxb7 Rab8 21. Bf3 Qd8 22. Rab1 Bb5 23. Rc5 a6 24. Rbc1 Qg5 25. Kh1 Bd3 26. Qd2 Bb5 27. Bd1 h3 28. gxh3 Bf1 29. Bb3 Bxh3 30. Rg1 Bg4 31. Bxe6+ Kh8 32. Bd5 f4 33. Bc4 fxe3 34. Rxg5 exd2 35. R5xg4 Rbc8 36. Rg6 1-0

[Event "Novokuznetsk-ch"]
[Site "Novokuznetsk"]
[Date "2014.05.05"]
[Round "5"]
[White "Fayzullin, Ruslan"]
[Black "Morokov, Anatoliy"]
[Result "1-0"]
[WhiteElo "1950"]
[BlackElo "1762"]
[PlyCount "75"]
[EventDate "2014.05.01"]
[EventType "swiss"]
[EventRounds "9"]
[EventCountry "RUS"]
[SourceTitle "CBM 160 Extra"]
[Source "ChessBase"]
[SourceDate "2014.07.01"]
[SourceVersion "1"]
[SourceVersionDate "2014.07.01"]
[SourceQuality "1"]

1. e4 e5 2. Nc3 Nf6 3. Bc4 Nc6 4. d3 Na5 5. Nge2 Nxc4 6. dxc4 Bc5 7. 0-0 a6 8. Qd3 d6 9. h3 Nh5 10. Qf3 Qh4 11. Nd5 0-0 12. g4 f5 13. exf5 e4 14. Qg2 Nf6 15. Be3 Bxe3 16. fxe3 Qg5 17. Nef4 Nd7 18. Nxc7 Rb8 19. Nce6 Qf6 20. Nxf8 Kxf8 21. Qxe4 Nc5 22. Qd5 Ke7 23. Qxc5 Qh4 24. Qd5 b5 25. Qg2 bxc4 26. b3 Bb7 27. Qf2 Qh6 28. Rad1 Be4 29. Rd4 d5 30. Nxd5+ Bxd5 31. Rxd5 Qxh3 32. Qf3 Qh4 33. Rfd1 cxb3 34. axb3 Kf8 35. f6 gxf6 36. Rh5 Kg7 37. Rxh4 h5 38. Rxh5 1-0

[Event "Novokuznetsk Kuzbass op"]
[Site "Novokuznetsk"]
[Date "2014.??.??"]
[Round "6"]
[White "Buts, Nikita"]
[Black "Morokov, Anatoliy"]
[Result "1-0"]
[WhiteElo "1944"]
[BlackElo "1762"]
[PlyCount "65"]
[EventDate "2014.08.11"]
[EventType "swiss"]
[EventRounds "9"]
[EventCountry "RUS"]
[SourceTitle "CBM 162 Extra"]
[Source "ChessBase"]
[SourceDate "2014.10.17"]
[SourceVersion "1"]
[SourceVersionDate "2014.10.17"]
[SourceQuality "1"]

1. d4 Nf6 2. c4 d5 3. cxd5 Nxd5 4. e4 Nb6 5. Nf3 g6 6. Be3 Bg7 7. Nbd2 Bg4 8. Qc2 a5 9. Rc1 c6 10. Be2 0-0 11. 0-0 e6 12. Rfd1 N8d7 13. h3 Bxf3 14. Bxf3 Nf6 15. Nc4 Nxc4 16. Qxc4 Qb6 17. d5 exd5 18. exd5 cxd5 19. Bxd5 Qxb2 20. Rb1 Qe5 21. Bf4 Qf5 22. Bxb7 Rac8 23. Bxc8 Rxc8 24. Rb8 Rxb8 25. Bxb8 Ne4 26. Rd8+ Bf8 27. Bg3 Qf6 28. Qc8 Nxg3 29. Rxf8+ Kg7 30. fxg3 Qd4+ 31. Kh2 Qd2 32. Rg8+ Kf6 33. Qc6+ 1-0

[Event "Novokuznetsk Kuzbass op"]
[Site "Novokuznetsk"]
[Date "2014.??.??"]
[Round "8"]
[White "Morokov, Anatoliy"]
[Black "Glukhov, Mikhail"]
[Result "0-1"]
[WhiteElo "1762"]
[BlackElo "2152"]
[PlyCount "58"]
[EventDate "2014.08.11"]
[EventType "swiss"]
[EventRounds "9"]
[EventCountry "RUS"]
[SourceTitle "CBM 162 Extra"]
[Source "ChessBase"]
[SourceDate "2014.10.17"]
[SourceVersion "1"]
[SourceVersionDate "2014.10.17"]
[SourceQuality "1"]

1. e4 e5 2. Nf3 Nc6 3. Bb5 a6 4. Ba4 Nf6 5. 0-0 Be7 6. Re1 b5 7. Bb3 d6 8. c3 0-0 9. d4 Bg4 10. Qd3 Bxf3 11. gxf3 Qd7 12. Qf1 exd4 13. Qg2 Rfe8 14. Bh6 Bf8 15. Nd2 dxc3 16. bxc3 Ne5 17. Kh1 Ng6 18. Be3 Nh5 19. Rg1 Nhf4 20. Qf1 Qe7 21. Rg4 Qf6 22. Bd4 Ne5 23. Be3 Nxg4 24. fxg4 d5 25. exd5 Bd6 26. Bd4 Qh4 27. Bd1 Nxd5 28. Qg2 Re1+ 29. Nf1 Rxf1+ 0-1

[Event "Novokuznetsk Kuzbass op"]
[Site "Novokuznetsk"]
[Date "2014.??.??"]
[Round "4"]
[White "Morokov, Anatoliy"]
[Black "Patrin, Yury"]
[Result "0-1"]
[WhiteElo "1762"]
[BlackElo "1806"]
[PlyCount "66"]
[EventDate "2014.08.11"]
[EventType "swiss"]
[EventRounds "9"]
[EventCountry "RUS"]
[SourceTitle "CBM 162 Extra"]
[Source "ChessBase"]
[SourceDate "2014.10.17"]
[SourceVersion "1"]
[SourceVersionDate "2014.10.17"]
[SourceQuality "1"]

1. e4 e6 2. Nc3 d5 3. d4 dxe4 4. Nxe4 Nd7 5. Bc4 Ngf6 6. f3 Nxe4 7. fxe4 Qh4+ 8. Kf1 Qxe4 9. Nf3 b6 10. Kf2 Qb7 11. Re1 Bd6 12. d5 Nf6 13. dxe6 fxe6 14. Bxe6 Ne4+ 15. Rxe4 Qxe4 16. Bd5 Bc5+ 17. Kf1 Ba6+ 18. c4 Bxc4+ 19. Bxc4 Qxc4+ 20. Qe2+ Qxe2+ 21. Kxe2 0-0-0 22. Bg5 Rhe8+ 23. Kf1 Rd5 24. a3 h6 25. b4 hxg5 26. bxc5 Rxc5 27. a4 Rf5 28. h3 Re4 29. a5 Rxa5 30. Rxa5 bxa5 31. Nxg5 Re8 32. Nf3 a4 33. Nd4 a3 0-1

[Event "Novokuznetsk-ch"]
[Site "Novokuznetsk"]
[Date "2013.12.01"]
[Round "5"]
[White "Morokov, Anatoliy"]
[Black "Nuzhdov, Vasiliy"]
[Result "0-1"]
[WhiteElo "1757"]
[BlackElo "1967"]
[PlyCount "112"]
[EventDate "2013.11.17"]
[EventType "swiss"]
[EventRounds "9"]
[EventCountry "RUS"]
[SourceTitle "EXT 2015"]
[Source "ChessBase"]
[SourceDate "2014.11.20"]
[SourceVersion "1"]
[SourceVersionDate "2014.11.20"]
[SourceQuality "1"]

1. e4 Nc6 2. d4 d6 3. d5 Ne5 4. f4 Nd7 5. c4 g6 6. Nc3 Bg7 7. Nf3 c5 8. Bd3 e5 9. dxe6 fxe6 10. f5 Ne5 11. fxg6 hxg6 12. 0-0 Qe7 13. Bf4 Bd7 14. Rb1 0-0-0 15. Nxe5 dxe5 16. Bg3 Bc6 17. Qe2 Nh6 18. a3 Rd7 19. b4 b6 20. bxc5 Qxc5+ 21. Bf2 Qxa3 22. Rfc1 Rhd8 23. Ra1 Qe7 24. Nd5 Qg5 25. Bxb6 axb6 26. Nxb6+ Kc7 27. Nxd7 Kxd7 28. Ra7+ Ke8 29. Rf1 Bf8 30. Qf2 Be7 31. Qb6 Bd7 32. c5 Qe3+ 33. Rf2 Qxc5 34. Qb7 Ng4 35. Raa2 Nxf2 36. Rxf2 Qc6 37. Qb2 Bc5 38. Qxe5 Bxf2+ 39. Kxf2 Kf7 40. Qg5 Rg8 41. e5 Qc5+ 42. Ke2 Qe7 43. Qh6 Rg7 44. h4 Bc6 45. g3 Bd5 46. Qh8 Qf8 47. Qh6 Kg8 48. Qe3 Bg2 49. Kd2 Qb4+ 50. Kd1 Bh3 51. h5 Bg4+ 52. Kc1 Rc7+ 53. Bc2 Bf5 54. hxg6 Rxc2+ 55. Kd1 Qb1+ 56. Qc1 Qxc1# 0-1

[Event "Novokuznetsk Spring op"]
[Site "Novokuznetsk"]
[Date "2013.04.28"]
[Round "9"]
[White "Morokov, Anatoliy"]
[Black "Shilintsev, Vladimir"]
[Result "1/2-1/2"]
[WhiteElo "1756"]
[BlackElo "1855"]
[PlyCount "119"]
[EventDate "2013.03.31"]
[EventType "swiss"]
[EventRounds "9"]
[EventCountry "RUS"]
[SourceTitle "EXT 2015"]
[Source "ChessBase"]
[SourceDate "2014.11.20"]
[SourceVersion "1"]
[SourceVersionDate "2014.11.20"]
[SourceQuality "1"]

1. e4 c5 2. Nf3 d6 3. d4 cxd4 4. Nxd4 Nf6 5. Nc3 a6 6. Be3 Ng4 7. Bd2 Qb6 8. h3 Nxf2 9. Kxf2 Qxd4+ 10. Kg3 g6 11. Nd5 Qc5 12. Be3 Qc6 13. Nb6 Qxe4 14. Qd4 Qxd4 15. Bxd4 e5 16. Bf2 Nc6 17. Nxa8 Bf5 18. Bd3 e4 19. Rhe1 Bg7 20. Bxe4 Be5+ 21. Kf3 0-0 22. Bxf5 Rxa8 23. Be4 Bxb2 24. Rab1 Bc3 25. Red1 Ne5+ 26. Kg3 Re8 27. Bxb7 a5 28. Bd4 Bb4 29. c3 Bc5 30. Bd5 Bxd4 31. Rxd4 Nd7 32. c4 Re3+ 33. Kf2 Ra3 34. Rb2 Ne5 35. Kg1 Kg7 36. Rb7 Rxa2 37. Rf4 Ra1+ 38. Kh2 g5 39. Rf2 g4 40. h4 Ra3 41. Bxf7 g3+ 42. Kg1 gxf2+ 43. Kxf2 Nxf7 44. Rd7 Kf6 45. g4 Ke6 46. Rc7 Rc3 47. g5 a4 48. Ke2 Rh3 49. c5 dxc5 50. Rxc5 Rxh4 51. Kd2 Rd4+ 52. Ke3 Rd5 53. Rc6+ Rd6 54. Rc4 Ra6 55. Rh4 Nxg5 56. Rh6+ Kf5 57. Rxa6 a3 58. Rxa3 Kf6 59. Kf4 Ne6+ 60. Kg4 1/2-1/2

[Event "Novokuznetsk-ch"]
[Site "Novokuznetsk"]
[Date "2012.12.16"]
[Round "9"]
[White "Chernyh, Pavel"]
[Black "Morokov, Anatoliy"]
[Result "0-1"]
[WhiteElo "1924"]
[BlackElo "1719"]
[PlyCount "56"]
[EventDate "2012.11.18"]
[EventType "swiss"]
[EventRounds "9"]
[EventCountry "RUS"]
[SourceTitle "EXT 2014"]
[Source "ChessBase"]
[SourceDate "2013.11.20"]
[SourceVersion "1"]
[SourceVersionDate "2013.11.20"]
[SourceQuality "1"]

1. e4 e5 2. Nf3 Nc6 3. Bc4 Bc5 4. c3 Nf6 5. b4 Bb6 6. d3 0-0 7. 0-0 d5 8. exd5 Nxd5 9. Bxd5 Qxd5 10. c4 Qe6 11. c5 e4 12. dxe4 Rd8 13. Qc2 Nxb4 14. Qc3 Ba5 15. Bb2 f6 16. Nbd2 Nc6 17. Qb3 Bxd2 18. Nxd2 Rxd2 19. Qc3 Rd8 20. f3 Ne5 21. Rfd1 Rxd1+ 22. Rxd1 Qxa2 23. Rd8+ Kf7 24. Qd2 Nc4 25. Qd5+ Kg6 26. Rf8 Qb1+ 27. Kf2 Qxb2+ 28. Kg3 Ne3 0-1

[Event "Novokuznetsk-ch"]
[Site "Novokuznetsk"]
[Date "2012.12.01"]
[Round "4"]
[White "Morokov, Anatoliy"]
[Black "Morozov, Vasiliy"]
[Result "0-1"]
[WhiteElo "1719"]
[BlackElo "2047"]
[PlyCount "78"]
[EventDate "2012.11.18"]
[EventType "swiss"]
[EventRounds "9"]
[EventCountry "RUS"]
[SourceTitle "EXT 2014"]
[Source "ChessBase"]
[SourceDate "2013.11.20"]
[SourceVersion "1"]
[SourceVersionDate "2013.11.20"]
[SourceQuality "1"]

1. e4 e6 2. d4 d5 3. Nc3 Bb4 4. e5 c5 5. a3 Ba5 6. Qg4 Ne7 7. Be3 Nbc6 8. Nf3 Qb6 9. 0-0-0 Bxc3 10. bxc3 Qa5 11. c4 Qxa3+ 12. Kd2 dxc4 13. dxc5 c3+ 14. Ke1 0-0 15. Bd3 Nf5 16. Ke2 g6 17. h4 Nxe3 18. fxe3 Qxc5 19. h5 Nxe5 20. Nxe5 Qxe5 21. hxg6 f5 22. Qg5 Qf6 23. gxh7+ Kh8 24. Qxf6+ Rxf6 25. Bb5 Rf8 26. Rd6 a6 27. Bc4 b5 28. Bxe6 Bxe6 29. Rxe6 Rad8 30. Rxa6 Rd2+ 31. Kf3 Rxc2 32. Rb6 Rb2 33. e4 fxe4+ 34. Kxe4 b4 35. Rh3 Rxg2 36. Rxb4 Rg4+ 37. Kd3 Rxb4 38. Kxc3 Rfb8 39. Rh2 R4b7 0-1

[Event "Sibiria Region-ch Seniors"]
[Site "Prokopevsk"]
[Date "2012.03.20"]
[Round "9"]
[White "Kuteneva, Galina Viktorovna"]
[Black "Morokov, Anatoliy"]
[Result "1-0"]
[WhiteElo "1926"]
[BlackElo "1734"]
[PlyCount "57"]
[EventDate "2012.03.12"]
[EventType "swiss"]
[EventRounds "9"]
[EventCountry "RUS"]
[SourceTitle "EXT 2013"]
[Source "ChessBase"]
[SourceDate "2012.11.22"]
[SourceVersion "1"]
[SourceVersionDate "2012.11.22"]
[SourceQuality "1"]

1. e4 c5 2. Nf3 Nc6 3. d4 cxd4 4. Nxd4 Nf6 5. Nc3 a6 6. Be2 e5 7. Nb3 Bb4 8. Qd3 d5 9. exd5 e4 10. Qg3 Qxd5 11. Qxg7 Rg8 12. Qxf6 Rxg2 13. Kf1 Bxc3 14. Qxc3 Rxf2+ 15. Kxf2 Ne5 16. Bf4 Ng6 17. Rad1 Qf5 18. Qd2 Bd7 19. Kg3 0-0-0 20. Qc3+ Bc6 21. Bg4 Nxf4 22. Bxf5+ Kc7 23. Rxd8 Ne2+ 24. Kh3 Nxc3 25. bxc3 Kxd8 26. Re1 Bd7 27. Rd1 e3 28. Rxd7+ Ke8 29. Nd4 1-0